000 00207nam a22000857a 4500
999 _c23734
_d23734
005 20250212122702.0
008 250212b ||||| |||| 00| 0 eng d
040 _csk
245 _aMesianské hnutie a jednota Cirkvi